| 000 | 00385nam a22001217a 4500 | ||
|---|---|---|---|
| 008 | 180606b xxu||||| |||| 00| 0 eng d | ||
| 041 | _aeng | ||
| 080 | _a043.3 | ||
| 100 | _a0 | ||
| 101 | _aMBE-MA | ||
| 245 |
_aMenaxhimi i Intitucioneve Shendetsore Publike: Percaktimi i kritereve per menaxhim strategjik te Qendres Klinike Universitare te Kosoves _cGrajqevci, B. G |
||
| 942 |
_2udc _cBK |
||
| 999 |
_c46481 _d46481 |
||